[Event "Stuttgart-chB int"]
[Site "Ditzingen"]
[Date "2016.05.05"]
[Round "2"]
[White "Herbst, Karin"]
[Black "Ungerer, Tobias"]
[Result "1/2-1/2"]
[WhiteElo "1601"]
[BlackElo "1333"]
[PlyCount "53"]
[EventDate "2016.05.05"]
[EventType "swiss"]
[EventRounds "7"]
[EventCountry "GER"]
[SourceTitle "EXT 2018"]
[Source "ChessBase"]
[SourceDate "2017.10.13"]
[SourceVersion "1"]
[SourceVersionDate "2017.10.13"]
[SourceQuality "1"]

1. c4 c5 2. Nc3 d6 3. Nf3 Nf6 4. d4 Nbd7 5. Qc2 cxd4 6. Nxd4 e5 7. Nf5 Nb6 8. e3 g6 9. Ng3 Bg7 10. Be2 0-0 11. 0-0 Be6 12. b3 Rc8 13. Bb2 d5 14. Rad1 Qe7 15. cxd5 Nbxd5 16. Rc1 Nb4 17. Qb1 Nbd5 18. Rc2 Nxc3 19. Rxc3 Rxc3 20. Bxc3 Nd5 21. Bb2 Rc8 22. Rc1 Rxc1+ 23. Qxc1 Nb4 24. Qa1 Nc6 25. Qc1 Qd7 26. Ne4 Qc8 27. Nd6 1/2-1/2

[Event "Stuttgart-chC int"]
[Site "Ditzingen"]
[Date "2013.05.11"]
[Round "6"]
[White "Reichmann, Bernd"]
[Black "Ungerer, Tobias"]
[Result "1-0"]
[WhiteElo "1137"]
[BlackElo "914"]
[PlyCount "65"]
[EventDate "2013.05.09"]
[EventType "swiss"]
[EventRounds "7"]
[EventCountry "GER"]
[SourceTitle "EXT 2014"]
[Source "ChessBase"]
[SourceDate "2013.11.20"]
[SourceVersion "1"]
[SourceVersionDate "2013.11.20"]
[SourceQuality "1"]

1. e4 e5 2. Nf3 Nc6 3. Bb5 a6 4. Bxc6 dxc6 5. h3 Bd6 6. d3 h6 7. b3 Bc5 8. Bb2 Qf6 9. Bxe5 Qg6 10. Rg1 Nf6 11. Bxc7 Nh5 12. c3 Ng3 13. Bxg3 a5 14. Nbd2 Ba3 15. Nc4 Bc5 16. Qc2 Bf5 17. exf5 Qxf5 18. 0-0-0 0-0 19. d4 Qh5 20. dxc5 b5 21. Bd6 Rfe8 22. Nce5 a4 23. b4 f6 24. Nxc6 Rac8 25. Ne7+ Kh8 26. Nxc8 Rxc8 27. Rde1 Rd8 28. Re3 Rd7 29. Rge1 g6 30. Re8+ Kh7 31. R1e7+ Rxe7 32. Rxe7+ Kh8 33. Qe4 1-0